Giáo trình chuyên đề rèn kĩ năng giải toán tiểu học

Giới thiệu các nội dung bài giảng và hướng dẫn phương pháp giải toán tiểu học sử dụng sơ đồ đoạn thẳng, rút về đơn vị và tỉ số, chia tỉ lệ, thử chọn, khử, giả thiết tạm, tính ngược từ cuối, thay thế, diện tích, đồ thị, đại số và ứng dụng nguyên lý Đi-rích-lê...

Celý popis

Uloženo v:
Podrobná bibliografie
Hlavní autor: Trần Diên Hiển
Médium: Kniha
Jazyk:Vietnamese
Vydáno: H. Đại học Sư phạm 2011
Vydání:Tái bản lần thứ 1
Témata:
Tagy: Přidat tag
Žádné tagy, Buďte první, kdo otaguje tento záznam!
Thư viện lưu trữ: Mạng thư viện Đại học Đà Nẵng
LEADER 01673aam a22003978a 4500
001 000019669
003 16108
005 20140818130829.0
008 140721s2011 viesd
020 |c 33000đ  |d 1000b 
041 0 |a vie 
082 1 4 |2 14  |a 372.7  |b TR-H 
100 1 |a Trần Diên Hiển 
245 1 0 |a Giáo trình chuyên đề rèn kĩ năng giải toán tiểu học  |c Trần Diên Hiển 
250 |a Tái bản lần thứ 1 
260 |a H.  |b Đại học Sư phạm  |c 2011 
300 |a 182 tr.  |b hình vẽ, bảng  |c 24 cm. 
504 |a Thư mục tr. 3-6 
520 |a Giới thiệu các nội dung bài giảng và hướng dẫn phương pháp giải toán tiểu học sử dụng sơ đồ đoạn thẳng, rút về đơn vị và tỉ số, chia tỉ lệ, thử chọn, khử, giả thiết tạm, tính ngược từ cuối, thay thế, diện tích, đồ thị, đại số và ứng dụng nguyên lý Đi-rích-lê 
650 0 4 |2 Bộ TK TVQG  |a Giáo dục tiểu học  |v Giáo trình  |x Toán 
650 7 |2 Bộ TK TVQG 
650 7 |2 Bộ TK TVQG 
653 |a Giáo dục Tiểu học 
653 |a Toán 
653 |a Kĩ năng 
655 7 |2 Bộ TK TVQG  |a Giáo trình 
OWN |a LSP 
AVA |a UDN50  |b LSP  |d 372.7 TR-H  |e available  |t Error 5001 Not defined in file expand_doc_bib_avail.  |f 10  |g 4  |h N  |i 36  |k 1 
999 |a From the UDN01 
AVA |a UDN50  |b LSP  |d 372.7 TR-H  |e available  |t Error 5001 Not defined in file expand_doc_bib_avail.  |f 10  |g 4  |h N  |i 36  |k 1 
TYP |a Monograph 
TYP |a Printed language 
980 |a Mạng thư viện Đại học Đà Nẵng